000 00370nam a2200181Ia 4500
100 _aAnton/Howard/ Rorres/Chris
650 _aLinear Algebra
250 _a11
942 _cBK
366 _f20
654 _alinear algebra
245 _aElementary Linear Algebra
260 _bWiley
_c2015
082 _bANT
300 _a769
546 _aENGLISH
999 _c23302
_d23302